000 01768cam a22005054i 4500
003 PE-LiUPU
005 20250731173532.0
008 150616s r 000 0 d
020 _a0801063167
035 _a(Sirsi) i9780801063169
040 _aPE-LiUPU
_bspa
_cPE-LiUPU
_erda
049 _aPRUA
082 0 4 _a222.12077
_bM26
_221
100 1 _aMartens, Elmer A.,
_eautor.
245 1 0 _aGod's Design /
_cElmer A. Martens.
264 1 _aGrand Rapids, Michigan :
_bBaker Books,
_c1994.
300 _a320 páginas ;
_c21 centímetros
336 _atext
_2rdacontent
337 _aunmediated
_2rdamedia
338 _avolume
_2rdacarrier
504 _aIncluye bibliografía.
505 0 _aGod's design articulated.- God's desing implemented: the pre-monarchy era.- God's design tested: era of monarchy.- God's design reaffirmed: the post-monarchy era.- Framing God's design.
526 _aSEG42
526 _aSEG41
526 _aSEG40
526 _aSEG39
526 _aP94
526 _aP87
526 _aP86
526 _aP85
526 _aP77
526 _aP76
526 _aP35
630 _aBiblia.
_pA.T.
_pExodo
_xComentarios.
630 _aBiblia.
_pA.T.
_pEzequiel
_xComentarios.
630 _aBiblia.
_pA.T.
_pOseas
_xComentarios.
650 0 4 _a
910 _ajck
_bjvq
_cjck
942 _2ddc
_cBOOK
949 _a222.12077 M26
_wDEWEY
_c1
_i42314
_lCCODEBUL1
_mBUL
_r0
_sY
_tBOOK
_u2015-6-16
_xTEOLOGIA
_zUNKNOWN
_0COMPRA
_o.STAFF. Colección General
994 _aC0
_bPEPRU
596 _a1
999 _a222.12077 M26
_wDEWEY
_c60145
_i42314
_f2021-11-9
_g5
_lCCODEBUL1
_mBUL
_r0
_sY
_tBOOK
_u2015-6-16
_xTEOLOGIA
_zUNKNOWN
_0COMPRA
_o.STAFF. Colección General
_d60145
980 _81
_gALBERTO SANCHEZ Responsable de Automatización